Construction works procurement guidance (Record no. 105921)
[ view plain ]
| 000 -LEADER | |
|---|---|
| fixed length control field | 01652cam a2200205 4500 |
| 001 - CONTROL NUMBER | |
| control field | ##E135118 |
| 008 - FIXED-LENGTH DATA ELEMENTS--GENERAL INFORMATION | |
| fixed length control field | 060925n2005 000 0 eng u |
| 022 ## - INTERNATIONAL STANDARD SERIAL NUMBER | |
| International Standard Serial Number | 0755912608 (web only publication) |
| 035 ## - SYSTEM CONTROL NUMBER | |
| System control number | (Sirsi) u135118 |
| 041 0# - LANGUAGE CODE | |
| Language code of text/sound track or separate title | eng |
| 110 1# - MAIN ENTRY--CORPORATE NAME | |
| Corporate name or jurisdiction name as entry element | Scotland |
| Subordinate unit | Scottish Executive |
| 9 (RLIN) | 4769 |
| 245 00 - TITLE STATEMENT | |
| Title | Construction works procurement guidance |
| 260 ## - PUBLICATION, DISTRIBUTION, ETC. | |
| Date of publication, distribution, etc. | 2005 |
| 505 2# - FORMATTED CONTENTS NOTE | |
| Formatted contents note | Introductory note -- The Scottish public finance manual -- Scottish Executive procurement guidance -- Construction works procurement - an overview -- Construction works procurement guidance |
| 520 ## - SUMMARY, ETC. | |
| Summary, etc. | Provides the Scottish Executiveαs Departments, Associated Departments, Executive Agencies and most sponsored bodies with mandatory policy and procedures for construction works projects that will deliver value for money. It supersedes the (former) Building Divisionαs ♯Client Packα, as well as Building Directorate Practice Notes 1 to 8 and Construction and Building Control Group Practice Notes 2A and 7A. The Construction Procurement Manual should be considered applicable to all bodies which are subject to the Scottish Public Finance Manual which includes the Scottish Executive (including Executive Agencies); non-ministerial offices of the Scottish Administration (associated departments); the Forestry Commission (in respect of its activities in Scotland); the Scottish Parliament Corporate Body; and sponsored bodies. |
| 651 #4 - SUBJECT ADDED ENTRY--GEOGRAPHIC NAME | |
| Geographic name | Scotland |
| Chronological subdivision | 1999- |
| 690 ## - LOCAL SUBJECT ADDED ENTRY--TOPICAL TERM (OCLC, RLIN) | |
| Topical term or geographic name as entry element | Procurement |
| 9 (RLIN) | 6260 |
| 856 40 - ELECTRONIC LOCATION AND ACCESS | |
| Uniform Resource Identifier | <a href="https://www.scotland.gov.uk/Publications/2005/11/28100404/04042">https://www.scotland.gov.uk/Publications/2005/11/28100404/04042</a> |
| Public note | View the manual on the Scottish Executive website www.scotland.gov.uk... |
| 942 ## - ADDED ENTRY ELEMENTS (KOHA) | |
| Suppress in OPAC | 0 |
| Withdrawn status | Lost status | Source of classification or shelving scheme | Damaged status | Not for loan | Home library | Current library | Shelving location | Date acquired | Total Checkouts | Full call number | Barcode | Date last seen | Copy number | Price effective from | Koha item type |
|---|---|---|---|---|---|---|---|---|---|---|---|---|---|---|---|
| Dewey Decimal Classification | Virtual | Virtual | Online | 25/09/2006 | ONLINE PUBLICATION | 135118-2001 | 06/08/2019 | 1 | 06/08/2019 | Book |